[Event "24th Dubai Open A 2024"]
[Site "Dubai UAE"]
[Date "2024.05.29"]
[Round "5.11"]
[White "Ioannidis, Evgenios"]
[Black "Zhao, Yuanhe"]
[Result "0-1"]
[WhiteTitle "GM"]
[BlackTitle "IM"]
[WhiteElo "2518"]
[BlackElo "2463"]
[WhiteFideId "4229274"]
[BlackFideId "8609497"]
[EventDate "2024.05.25"]

1. Nf3 Nf6 2. c4 g6 3. Nc3 Bg7 4. e4 c5 5. d4 cxd4 6. Nxd4 d6 7. Be2 O-O 8. O-O
Nc6 9. Be3 Bd7 10. h3 Nxd4 11. Bxd4 Bc6 12. Qc2 a5 13. Rad1 Qc7 14. b3 Rfc8 15.
Qd3 Rd8 16. Nd5 Bxd5 17. cxd5 Rdc8 18. Rd2 Qd8 19. f4 Nd7 20. Bxg7 Kxg7 21. Qd4+
Kg8 22. Bg4 Rc5 23. e5 Nb6 24. Bf3 Rac8 25. Rff2 Rb5 26. Qd3 Rbc5 27. Kh2 Qf8
28. Qe3 Qh6 29. exd6 exd6 30. Qe7 Qf8 31. Qxb7 Qd8 32. Qa6 a4 33. Qe2 Rb8 34.
bxa4 Nxa4 35. Qe4 Nc3 36. Qd4 Rbc8 37. f5 Rc4 38. Qd3 Qg5 39. fxg6 hxg6 40. Rc2
Qe5+ 41. g3 Rd4 42. Qf1 Rc5 43. Qc1 Nxa2 44. Qh6 Nc3 45. Rb2 Rc8 46. Rb7 Qe1 47.
Rc2 Rdc4 48. Qd2 Qe5 49. Qg2 R4c5 50. Rf2 R8c7 51. Rxc7 Rxc7 52. Rc2 Rc5 53. Qf2
Kg7 54. Bg2 Nd1 55. Qd2 Rxc2 56. Qxc2 Nc3 57. Qd3 Ne2 58. Bf1 Nd4 59. Bg2 Nf5
60. Be4 Qb2+ 61. Kh1 Qc1+ 62. Kh2 Ne3 63. Qe2 Qc3 64. Bf3 Qd4 65. Qa2 Nf1+ 66.
Kg2 Nd2 67. Qa3 Nc4 68. Qa2 Nb2 69. Qa6 Nd3 70. Kh2 Qf2+ 71. Bg2 Ne1 72. Qf1 Qd2
73. g4 g5 74. Kg1 Qxg2+ 0-1

[Event "24th Dubai Open A 2024"]
[Site "Dubai UAE"]
[Date "2024.05.29"]
[Round "5.12"]
[White "Pang, Tao"]
[Black "George Micheal, Kevin"]
[Result "1-0"]
[WhiteTitle "IM"]
[BlackTitle "IM"]
[WhiteElo "2496"]
[BlackElo "2258"]
[WhiteFideId "8609950"]
[BlackFideId "10669515"]
[EventDate "2024.05.25"]

1. Nf3 d5 2. d4 Nf6 3. c4 c6 4. Nc3 dxc4 5. a4 Bf5 6. Ne5 Nbd7 7. Nxc4 Nb6 8.
Ne5 a5 9. f3 Nfd7 10. Nxd7 Bxd7 11. e4 e6 12. Be3 Be7 13. Be2 O-O 14. O-O Rc8
15. Qb3 c5 16. Rfd1 c4 17. Qc2 Bb4 18. Rdc1 Qe8 19. Bd1 Qe7 20. Qe2 Qe8 21. Qf2
Bxc3 22. bxc3 Nxa4 23. d5 b6 24. Bxa4 Bxa4 25. Bxb6 Qd7 26. d6 Ra8 27. Bc7 Bb3
28. Bxa5 e5 29. Bc7 f6 30. Qc5 Kh8 31. Qd5 Ra4 32. Rxa4 Qxa4 33. Kh1 Qa7 34. h3
h6 35. Ba5 Rf7 36. Bb6 Qa3 37. Qxf7 Qxc1+ 38. Bg1 Ba4 39. Qxc4 Qd1 40. Qd5 Qc2
41. d7 Bxd7 42. Qxd7 Qxc3 43. Qf5 Qc1 44. h4 Qe1 45. h5 Qh4+ 46. Qh3 Qe1 47. Kh2
Qc1 48. Qg4 Qc2 49. Qh4 Qd2 50. Bf2 Qc2 51. Bg3 Qe2 52. Qg4 Qe3 53. Qf5 Qe2 54.
Bh4 Qa6 55. Qg6 Qd6 56. Bxf6 gxf6 57. Qxh6+ Kg8 58. Qg6+ Kh8 59. h6 Qf8 60. Kg3
Qe7 61. Qg7+ Qxg7+ 62. hxg7+ Kxg7 63. Kg4 Kg6 64. g3 f5+ 65. exf5+ Kf6 66. Kh4
Kxf5 67. Kh5 Kf6 68. g4 Kf7 69. Kg5 1-0

[Event "24th Dubai Open A 2024"]
[Site "Dubai UAE"]
[Date "2024.05.29"]
[Round "5.13"]
[White "Sibashvili, Giorgi"]
[Black "Srihari, L R"]
[Result "1/2-1/2"]
[WhiteTitle "IM"]
[BlackTitle "IM"]
[WhiteElo "2423"]
[BlackElo "2485"]
[WhiteFideId "13602799"]
[BlackFideId "46617116"]
[EventDate "2024.05.25"]

1. c4 e5 2. g3 Nc6 3. Bg2 f5 4. Nc3 Nf6 5. b3 g6 6. Bb2 Bg7 7. e3 d5 8. cxd5 Nb4
9. d3 Nfxd5 10. Nxd5 Nxd5 11. Nf3 Nb4 12. Ke2 Qe7 13. Qd2 e4 14. Bxg7 exd3+ 15.
Kf1 Qxg7 16. Rc1 Nc6 17. Qxd3 Bd7 18. Qc3 Qxc3 19. Rxc3 O-O-O 20. Ke2 Be6 21.
Ng5 Bd5 22. Bxd5 Rxd5 23. Rd1 Rxd1 24. Kxd1 h6 25. Ne6 Re8 26. Nf4 Ne5 27. Ke2
c6 28. h4 Kd7 29. Nd3 Nxd3 30. Rxd3+ Ke6 31. Kf3 1/2-1/2

[Event "24th Dubai Open A 2024"]
[Site "Dubai UAE"]
[Date "2024.05.29"]
[Round "5.14"]
[White "Rathanvel, V S"]
[Black "Hakobyan, Erik"]
[Result "1/2-1/2"]
[WhiteTitle "IM"]
[BlackTitle "FM"]
[WhiteElo "2471"]
[BlackElo "2335"]
[WhiteFideId "25002112"]
[BlackFideId "13313940"]
[EventDate "2024.05.25"]

1. e4 c5 2. Nf3 g6 3. d4 cxd4 4. Nxd4 Nf6 5. Nc3 Nc6 6. Nxc6 dxc6 7. Qxd8+ Kxd8
8. Bc4 Ke8 9. a4 Bg7 10. a5 Nd7 11. Be3 h5 12. h4 Bh6 13. Bxh6 Rxh6 14. Ke2 e5
15. b4 Ke7 16. Ke3 Rh8 17. g3 Nf6 18. f3 Rd8 19. Rhd1 Rxd1 20. Nxd1 Be6 21. Nb2
Bxc4 22. Nxc4 Nd7 23. Nb2 Nf6 24. Nc4 Nd7 25. Nb2 Nf6 26. Nc4 Nd7 27. Nb2 Nf6 1/2-1/2

[Event "24th Dubai Open A 2024"]
[Site "Dubai UAE"]
[Date "2024.05.29"]
[Round "5.15"]
[White "Sultan, Ibrahim"]
[Black "Gholami Orimi, Mahdi"]
[Result "0-1"]
[WhiteTitle "IM"]
[BlackTitle "IM"]
[WhiteElo "2171"]
[BlackElo "2470"]
[WhiteFideId "9301143"]
[BlackFideId "12558486"]
[EventDate "2024.05.25"]

1. d4 g6 2. e4 Bg7 3. c3 d6 4. Bd3 e5 5. Nf3 Nd7 6. O-O Ngf6 7. Qe2 O-O 8. dxe5
dxe5 9. a4 Nh5 10. Bc4 h6 11. a5 Qf6 12. Na3 a6 13. Be3 Re8 14. b4 Nf4 15. Qd2
g5 16. Kh1 b5 17. axb6 Nxb6 18. Bxb6 cxb6 19. Rfd1 Bb7 20. Qe3 Rad8 21. Bb3 g4
22. Ne1 b5 23. Nd3 h5 24. Nc5 Bc6 25. Nc2 h4 26. f3 Bh6 27. fxg4 Nxg2 28. Qh3
Nf4 29. Qf3 Rxd1+ 30. Rxd1 Rd8 31. Ne3 Rxd1+ 32. Bxd1 Qd8 33. Nf5 Bg5 34. Kg1
Qd2 35. Kf1 Qxh2 36. Nd3 Nxd3 37. Qxd3 Qh1+ 38. Kf2 Bxe4 39. Qd7 Qg2+ 40. Ke1
Qg1+ 0-1

[Event "24th Dubai Open A 2024"]
[Site "Dubai UAE"]
[Date "2024.05.29"]
[Round "5.16"]
[White "Indjic, Aleksandar"]
[Black "Ahmad, Al Khatib"]
[Result "1-0"]
[WhiteTitle "GM"]
[BlackTitle "GM"]
[WhiteElo "2603"]
[BlackElo "2380"]
[WhiteFideId "911925"]
[BlackFideId "8103178"]
[EventDate "2024.05.25"]

1. Nf3 Nf6 2. d4 e6 3. c4 c5 4. d5 exd5 5. cxd5 d6 6. e4 g6 7. Bd3 Bg7 8. Nbd2
O-O 9. O-O Bg4 10. h3 Bxf3 11. Nxf3 Nbd7 12. Re1 a6 13. a4 Rb8 14. a5 Ne8 15.
Qc2 Nc7 16. Bg5 Bf6 17. Bxf6 Qxf6 18. b4 Rbc8 19. Qa4 Rfd8 20. Rac1 cxb4 21.
Qxb4 Nc5 22. Bf1 Qf4 23. Rc4 Qh6 24. Rd1 Qf8 25. e5 Nb5 26. Rdc1 Rc7 27. exd6
Rxd6 28. Rd1 Rd8 29. Rcc1 Rdc8 30. Bxb5 axb5 31. Qxb5 Qd6 32. Ng5 h6 33. Qb6 Qd7
34. Rxc5 Rxc5 35. Ne4 R5c6 36. Qd4 Rd6 37. Qb4 Rdc6 38. Qa4 Rd8 39. Qd4 Rd6 40.
g4 Qe7 41. Nxd6 Qxd6 42. Re1 Kh7 43. Re5 Qf6 44. Qe4 Rd7 45. Qd4 Re7 46. f4 Rc7
47. d6 Rc1+ 48. Kg2 Qh4 49. Qd2 Ra1 50. d7 Ra3 51. Re3 Rxe3 52. Qxe3 Qf6 53. Qd2
Qd8 54. Qd6 Kg8 55. h4 Kh7 56. g5 h5 57. Qd5 Kg7 58. Qe5+ Kh7 59. Qe8 Qc7 60.
Qxf7+ 1-0

[Event "24th Dubai Open A 2024"]
[Site "Dubai UAE"]
[Date "2024.05.29"]
[Round "5.18"]
[White "Muthaiah, AL"]
[Black "Zhai, Mo"]
[Result "1/2-1/2"]
[WhiteTitle "IM"]
[BlackTitle "WGM"]
[WhiteElo "2493"]
[BlackElo "2348"]
[WhiteFideId "5092442"]
[BlackFideId "8600201"]
[EventDate "2024.05.25"]

1. d4 Nf6 2. c4 e6 3. Nf3 d5 4. Nc3 Nbd7 5. Bf4 dxc4 6. e3 Bd6 7. Bxd6 cxd6 8.
Bxc4 O-O 9. O-O b6 10. d5 exd5 11. Nxd5 Bb7 12. Rc1 Rc8 13. Qd4 Ne5 14. Nxe5
dxe5 15. Nxf6+ Qxf6 16. Qd7 Bc6 17. Qg4 Rcd8 18. Rc2 Bd7 19. Qe2 Bf5 20. e4 Be6
21. Bxe6 Qxe6 22. Qa6 Rd7 23. h3 h6 24. Rfc1 Rfd8 25. b3 Kh7 26. Qe2 Rd4 27. Rc6
R8d6 28. Rxd6 Rxd6 29. Rd1 Qd7 30. Rxd6 Qxd6 1/2-1/2

[Event "24th Dubai Open A 2024"]
[Site "Dubai UAE"]
[Date "2024.05.29"]
[Round "5.19"]
[White "Piliposyan, Robert"]
[Black "Zhu, Jiner"]
[Result "1/2-1/2"]
[WhiteTitle "FM"]
[BlackTitle "GM"]
[WhiteElo "2364"]
[BlackElo "2476"]
[WhiteFideId "13309978"]
[BlackFideId "8608059"]
[EventDate "2024.05.25"]

1. d4 Nf6 2. Nf3 d5 3. c4 e6 4. Nc3 Bb4 5. Bg5 dxc4 6. e4 h6 7. Bxf6 Qxf6 8.
Bxc4 c5 9. O-O cxd4 10. e5 Qd8 11. Ne4 O-O 12. Qe2 Be7 13. Rfd1 Qa5 14. Ng3 Rd8
15. Qe4 Nd7 16. Nh5 Nf8 17. Rxd4 Rxd4 18. Qxd4 Bd7 19. Qg4 g6 20. Nf6+ Bxf6 21.
exf6 Nh7 22. Qf4 Qf5 23. Qxh6 Qxf6 24. Qd2 Bc6 25. Be2 Rd8 26. Qc3 Qxc3 27. bxc3
Nf6 28. Rc1 b6 29. Nd4 Ba4 30. f3 Nd5 31. Bc4 Rd7 32. Bxd5 Rxd5 33. f4 g5 34. g3
gxf4 35. gxf4 Rc5 36. Kf2 Kh7 37. h4 Kh6 38. Ke3 Kh5 39. Nf3 f6 40. Nd4 Bd7 41.
Nb3 Rc4 42. Nd2 Ra4 43. Ne4 Bc6 44. Nxf6+ Kxh4 45. Rc2 Rc4 46. Rc1 b5 47. Re1
Rxc3+ 48. Kd4 Rc4+ 49. Ke5 a5 50. Kxe6 Rxf4 51. Ke5 Rf2 52. Rc1 Bg2 53. Rc5 Bf1
54. a4 b4 55. Rxa5 b3 56. Ra8 Bd3 57. Rh8+ Kg3 58. Ne4+ Bxe4 59. Kxe4 Rf4+ 60.
Kd3 1/2-1/2

[Event "24th Dubai Open A 2024"]
[Site "Dubai UAE"]
[Date "2024.05.29"]
[Round "5.20"]
[White "Wang, Yanbin"]
[Black "Ezat, Mohamed"]
[Result "1-0"]
[BlackTitle "IM"]
[WhiteElo "2415"]
[BlackElo "2340"]
[WhiteFideId "8617996"]
[BlackFideId "10600906"]
[EventDate "2024.05.25"]

1. d4 Nf6 2. c4 g6 3. Nc3 Bg7 4. e4 d6 5. h3 O-O 6. Be3 Na6 7. g4 e5 8. d5 Nc5
9. f3 a5 10. Qd2 c6 11. Nge2 a4 12. Ng3 cxd5 13. cxd5 Bd7 14. Nb5 Bxb5 15. Bxb5
Qa5 16. Be2 Nfd7 17. h4 Bf6 18. Qxa5 Rxa5 19. Bd2 Raa8 20. Bb5 Bd8 21. Ke2 Ba5
22. Bh6 Rfc8 23. Rac1 a3 24. b3 Nb8 25. Rhg1 Nba6 26. Nf5 Nb4 27. Ne7+ Kh8 28.
Nxc8 Rxc8 29. Bd2 Nxa2 30. Bxa5 Nxc1+ 31. Rxc1 a2 32. Bc3 Ra8 33. Ba1 Nxb3 34.
Rd1 Nc5 35. Kd2 Kg8 36. Kc2 Ra5 37. Be2 b5 38. Bb2 b4 39. Bc4 Ra8 40. Ra1 Rb8
41. Bb3 Rc8 42. Bxa2 Nxe4+ 43. Kd3 Nc5+ 44. Kd2 Na4 45. Rb1 Ra8 46. Bc4 Ra5 47.
Bc1 Nb6 48. Rxb4 Nxc4+ 49. Rxc4 Rxd5+ 50. Ke2 h5 51. g5 Kf8 52. Rc7 Ra5 53. Bd2
Ra4 54. Rd7 Rd4 55. Be3 Ke8 56. Ra7 Rxh4 57. Bb6 Rh2+ 58. Kd3 Rg2 59. Be3 h4 60.
Ke4 Re2 61. f4 exf4 62. Kxf4 h3 63. Bd4 h2 64. Ra8+ Kd7 65. Rh8 Ke6 66. Bf6 d5
67. Kg3 Re3+ 68. Kxh2 Ra3 69. Re8+ Kf5 70. Re5+ Kg4 71. Rxd5 Ra2+ 72. Kg1 Kf3
73. Kf1 Rc2 74. Ke1 Rc7 75. Kd2 Ke4 76. Re5+ Kf4 77. Kd3 Rd7+ 78. Kc4 Rd1 79.
Kc5 Kg4 80. Re7 Kh5 81. Rxf7 Rd2 82. Kc6 Rd1 83. Rd7 Re1 84. Kd6 Rb1 85. Ke6
Rb6+ 86. Kf7 Ra6 87. Re7 Rb6 88. Re1 Rb7+ 89. Be7 Rb6 90. Rh1+ Kg4 91. Bf6 1-0

[Event "24th Dubai Open A 2024"]
[Site "Dubai UAE"]
[Date "2024.05.29"]
[Round "5.21"]
[White "Manon, Reja Neer"]
[Black "Goh, Zi Han"]
[Result "1/2-1/2"]
[WhiteTitle "FM"]
[BlackTitle "FM"]
[WhiteElo "2423"]
[BlackElo "2306"]
[WhiteFideId "10224009"]
[BlackFideId "5819156"]
[EventDate "2024.05.25"]

1. e4 c5 2. Nf3 d6 3. d4 cxd4 4. Nxd4 Nf6 5. Nc3 a6 6. Be3 e5 7. Nb3 Be6 8. h3
Be7 9. Qf3 Nbd7 10. O-O-O b5 11. Nd5 Bxd5 12. exd5 Nb6 13. g4 Nc4 14. g5 Nd7 15.
h4 a5 16. Nd2 Nxd2 17. Rxd2 Rb8 18. Qg4 b4 19. Kb1 a4 20. f4 exf4 21. Qxf4 Ne5
22. Bd4 O-O 23. Bxe5 dxe5 24. Qxe5 Bd6 25. Qf5 b3 26. cxb3 axb3 27. a3 Qa5 28.
Bd3 g6 29. Qf2 Rbe8 30. h5 Qxd5 31. Qh4 Bg3 32. Qh3 Qxh1+ 33. Qxh1 Re1+ 34. Qxe1
Bxe1 35. Rd1 Bh4 36. Bc4 Bxg5 37. hxg6 hxg6 38. Rg1 Rc8 39. Bd5 Rc5 40. Bxb3 1/2-1/2

[Event "24th Dubai Open A 2024"]
[Site "Dubai UAE"]
[Date "2024.05.29"]
[Round "5.22"]
[White "Ahmad, Khagan"]
[Black "Vignesh, N R"]
[Result "1/2-1/2"]
[WhiteTitle "FM"]
[BlackTitle "GM"]
[WhiteElo "2375"]
[BlackElo "2526"]
[WhiteFideId "13431552"]
[BlackFideId "25012215"]
[EventDate "2024.05.25"]

1. Nf3 d5 2. d4 Nf6 3. c4 c6 4. Nc3 e6 5. Bg5 Nbd7 6. e3 h6 7. Bh4 Be7 8. Qc2
O-O 9. a3 b6 10. Rc1 Bb7 11. Be2 Rc8 12. cxd5 Nxd5 13. Bxe7 Qxe7 14. Qa4 a6 15.
O-O c5 16. Nxd5 exd5 17. dxc5 bxc5 18. Rfe1 Rfd8 19. b4 Qd6 20. bxc5 Nxc5 21.
Qb4 a5 22. Qc3 Ba6 23. Bxa6 Qxa6 24. Qd4 Nd3 25. Rxc8 Rxc8 26. Rd1 Nc1 27. Qb2
Ne2+ 28. Kh1 Nc3 29. Rc1 Na4 30. Rxc8+ Qxc8 31. Qd2 Qc5 32. g3 Nc3 33. Qc1 Qc4
34. Kg2 Nb5 35. Qb2 a4 36. Nd2 Qc5 37. Qe5 Qc6 38. Qe7 d4+ 39. Nf3 dxe3 40. Qxe3
Qc8 41. Qe4 Nxa3 42. Qxa4 Nc4 43. Qb5 Qe6 44. Qb8+ Kh7 45. Qb1+ Kg8 46. Qb7 Nd6
47. Qc6 g6 48. h4 h5 49. Nd4 Qe4+ 50. Qxe4 Nxe4 1/2-1/2

[Event "24th Dubai Open A 2024"]
[Site "Dubai UAE"]
[Date "2024.05.29"]
[Round "5.23"]
[White "Mammadova, Gulnar"]
[Black "Celik, Hasan Huseyin"]
[Result "0-1"]
[WhiteTitle "IM"]
[BlackTitle "IM"]
[WhiteElo "2359"]
[BlackElo "2421"]
[WhiteFideId "13403508"]
[BlackFideId "44506759"]
[EventDate "2024.05.25"]

1. e4 c5 2. Nf3 e6 3. d4 cxd4 4. Nxd4 Qb6 5. Be3 Qxb2 6. Nd2 a6 7. Bd3 Qc3 8.
Rb1 Qc7 9. O-O Nf6 10. c4 d6 11. f4 Nbd7 12. N4b3 Be7 13. Kh1 b6 14. a4 Rb8 15.
Qf3 Bb7 16. Qg3 g6 17. h3 Ba8 18. Qf2 O-O 19. Ra1 Rfe8 20. a5 bxa5 21. Bd4 Bxe4
22. Be2 Ba8 23. Nxa5 Nc5 24. Qe3 Nfe4 25. Nxe4 Nxe4 26. Nb3 Bh4 27. Ra3 Ng3+ 28.
Kh2 Qb7 29. Rg1 Nf5 30. Qd2 Bg3+ 31. Kh1 e5 32. fxe5 dxe5 33. Nc5 Qe7 34. Be3
Bf4 35. Bxf4 exf4 36. Nxa6 Qxa3 0-1

[Event "24th Dubai Open A 2024"]
[Site "Dubai UAE"]
[Date "2024.05.29"]
[Round "5.24"]
[White "Hossain, Enamul"]
[Black "Beydullayeva, Govhar"]
[Result "0-1"]
[WhiteTitle "GM"]
[BlackTitle "WGM"]
[WhiteElo "2365"]
[BlackElo "2411"]
[WhiteFideId "10200649"]
[BlackFideId "13413015"]
[EventDate "2024.05.25"]

1. e4 e5 2. Nf3 Nc6 3. Bc4 Nf6 4. d3 Bc5 5. Bg5 h6 6. Bh4 g5 7. Bg3 d6 8. c3 a5
9. O-O O-O 10. Nbd2 Ba7 11. Kh1 Kh8 12. Bb5 Ne8 13. d4 f6 14. Nc4 Bd7 15. a4 Ng7
16. Qd3 Be8 17. Bxc6 bxc6 18. Nxa5 h5 19. h4 g4 20. Nh2 f5 21. exf5 exd4 22. f3
gxf3 23. Rxf3 Qf6 24. Raf1 Bd7 25. Be1 Bb6 26. Nc4 Bxf5 27. Qd1 Qg6 28. Nxb6
cxb6 29. cxd4 Kh7 30. d5 cxd5 31. Rg3 Bg4 32. Rxf8 Rxf8 33. Nxg4 Rf1+ 34. Kh2
hxg4 35. Qe2 Rf4 36. Rc3 Rf7 37. Rd3 Nf5 38. Rxd5 g3+ 39. Kh3 Re7 40. h5 Rxe2
41. hxg6+ Kxg6 42. Bc3 Re4 43. Rxf5 Kxf5 44. a5 bxa5 45. Bxa5 Re3 46. Bd2 Rb3
47. Bc3 d5 48. Bg7 Ke4 49. Kg4 d4 50. Bh6 d3 51. Bc1 Rxb2 0-1

[Event "24th Dubai Open A 2024"]
[Site "Dubai UAE"]
[Date "2024.05.29"]
[Round "5.25"]
[White "Liyanage, Ranindu Dilshan"]
[Black "Grivas, Efstratios"]
[Result "1-0"]
[WhiteTitle "IM"]
[BlackTitle "GM"]
[WhiteElo "2352"]
[BlackElo "2396"]
[WhiteFideId "9915834"]
[BlackFideId "4200039"]
[EventDate "2024.05.25"]

1. e4 e6 2. d4 d5 3. e5 b6 4. Nf3 Ne7 5. c3 Qd7 6. a4 Ba6 7. Bxa6 Nxa6 8. Qd3
Nb8 9. a5 b5 10. Na3 b4 11. cxb4 Nec6 12. b5 Nxa5 13. O-O c6 14. Bd2 Bxa3 15.
bxa3 Nc4 16. a4 cxb5 17. axb5 Qxb5 18. Rfb1 Qd7 19. Bb4 Nc6 20. Bc5 a5 21. Nd2
Nxd2 22. Qxd2 Rc8 23. Qg5 Rg8 24. Ra3 h6 25. Qf4 Qc7 26. Rab3 f5 27. Rb7 Qd8 28.
Qd2 Qg5 29. Qe2 f4 30. f3 Qf5 31. Qb5 Kd8 32. Rc1 1-0

[Event "24th Dubai Open A 2024"]
[Site "Dubai UAE"]
[Date "2024.05.29"]
[Round "5.26"]
[White "Poormosavi, Seyed Kian"]
[Black "Aliyev, Ravan"]
[Result "0-1"]
[WhiteTitle "IM"]
[BlackTitle "FM"]
[WhiteElo "2388"]
[BlackElo "2352"]
[WhiteFideId "12585807"]
[BlackFideId "13409980"]
[EventDate "2024.05.25"]

1. e4 e5 2. Nf3 Nc6 3. d4 exd4 4. Nxd4 Bc5 5. Nxc6 Qf6 6. Qf3 bxc6 7. Nc3 d6 8.
Bd2 Be6 9. Qg3 Qg6 10. Bd3 Ne7 11. Na4 Bd4 12. Ba5 Bb6 13. Bc3 Qxg3 14. hxg3 f6
15. f4 h6 16. b3 O-O 17. Bb2 Rfe8 18. f5 Bf7 19. O-O-O Be3+ 20. Kb1 Nc8 21. Ba6
Rb8 22. Nc3 Nb6 23. Bc1 Bxc1 24. Kxc1 Nd7 25. Be2 Nc5 26. Rd4 a5 27. Bf3 Rb4 28.
Rhd1 Reb8 29. Kb2 Nd7 30. Rxb4 axb4 31. Nb1 c5 32. c4 Ne5 33. Nd2 Kf8 34. Nf1
Be8 35. Ne3 Bc6 36. Rd2 Ke7 37. Nd1 Rg8 38. Ne3 Kd7 39. Rd1 Kc8 40. Kc2 Kb7 41.
Rd2 Nf7 42. Re2 Ng5 43. Kd3 Re8 44. Nd1 Kb6 45. Nf2 Nf7 46. Ke3 Ne5 47. Kf4 Ra8
48. Bh5 Bb7 49. Rd2 Ra3 50. Nd1 Bc6 51. Ne3 Ra8 52. Nd1 Kb7 53. Nf2 Be8 54. Be2
Bf7 55. Nh3 Re8 56. Ke3 g6 57. g4 g5 58. Nf2 Rh8 59. Rd1 Ra8 60. Ra1 Kc8 61. Kd2
Kd7 62. Kc2 Ke7 63. Kb2 Kf8 64. Nd1 Be8 65. Kc2 Bc6 66. Bf3 h5 67. gxh5 g4 68.
Be2 Bxe4+ 69. Kb2 Bxf5 70. Ne3 Be6 71. Rf1 Kg7 72. Nf5+ Bxf5 73. Rxf5 Rh8 74. a4
bxa3+ 75. Kxa3 Kf7 76. Bd1 Ke6 77. Bc2 c6 78. Kb2 d5 79. Kc1 d4 80. Be4 Nf7 81.
Rxc5 Ne5 82. Bg6 Ra8 83. Kb2 f5 84. Kc2 Ra2+ 85. Kd1 Ra1+ 86. Kd2 Ra2+ 87. Kd1
Rxg2 88. Be8 Kd6 89. b4 g3 90. Rxe5 Kxe5 91. Bxc6 Rb2 92. Ke1 g2 0-1

[Event "24th Dubai Open A 2024"]
[Site "Dubai UAE"]
[Date "2024.05.29"]
[Round "5.27"]
[White "Krawczyk, Flawian"]
[Black "Buksa, Nataliya"]
[Result "1/2-1/2"]
[WhiteTitle "CM"]
[BlackTitle "IM"]
[WhiteElo "2315"]
[BlackElo "2383"]
[WhiteFideId "21881413"]
[BlackFideId "14123622"]
[EventDate "2024.05.25"]

1. d4 Nf6 2. c4 e6 3. Nf3 d5 4. g3 Be7 5. Bg2 O-O 6. O-O a5 7. Nc3 c6 8. b3 b6
9. Bb2 Ba6 10. Nd2 b5 11. c5 Nbd7 12. Re1 b4 13. Na4 Bb5 14. e4 dxe4 15. Nxe4
Nxe4 16. Bxe4 Bf6 17. Qc2 g6 18. Bg2 Qc7 19. Rad1 Rad8 20. a3 e5 21. axb4 axb4
22. dxe5 Nxe5 23. Qe4 Rxd1 24. Rxd1 Rd8 25. Re1 Bg7 26. Bxe5 Qxe5 27. Qxb4 Qd4
28. Qxd4 Bxd4 29. Bf1 Rd5 30. Bxb5 cxb5 31. c6 Rd8 32. c7 Rc8 33. Rd1 Bf6 34.
Nc3 Rxc7 35. Nxb5 Rc2 36. Rd3 Be7 37. Nd6 f5 38. Kg2 Kg7 39. Nc4 Bc5 40. Rd2 Rc3
41. Rd5 Bf8 42. Rd7+ Kf6 43. Rb7 Bc5 44. Rb5 Bd4 45. Rd5 Ba7 46. Rd7 Bc5 47. Rc7
Bd4 48. Rc6+ Kg5 49. Na5 Rd3 50. Rd6 Rd2 51. Kh3 Ra2 52. Rxd4 Rxa5 53. Rd2 Kf6
54. b4 Rb5 55. Rb2 Ke5 56. f4+ Ke4 57. Kh4 h6 58. Re2+ Kf3 59. Re6 g5+ 60. fxg5
hxg5+ 61. Kxg5 f4+ 62. Kh4 Rxb4 63. Rf6 Ke3 64. Re6+ Kf3 65. Rf6 Ke3 66. gxf4
Rxf4+ 67. Kg5 Rxf6 68. Kxf6 Kf4 69. h4 Kg4 70. h5 Kxh5 1/2-1/2

[Event "24th Dubai Open A 2024"]
[Site "Dubai UAE"]
[Date "2024.05.29"]
[Round "5.28"]
[White "Balajayeva, Khanim"]
[Black "Heinemann, Josefine"]
[Result "1/2-1/2"]
[WhiteTitle "IM"]
[BlackTitle "WGM"]
[WhiteElo "2376"]
[BlackElo "2303"]
[WhiteFideId "13406396"]
[BlackFideId "12900460"]
[EventDate "2024.05.25"]

1. e4 e5 2. Nf3 Nc6 3. Bb5 a6 4. Ba4 Nf6 5. O-O Be7 6. d3 b5 7. Bb3 d6 8. c3 O-O
9. h3 Na5 10. Bc2 c5 11. d4 cxd4 12. cxd4 Nc6 13. Nc3 exd4 14. Nxd4 Nxd4 15.
Qxd4 Be6 16. Rd1 Rc8 17. Bb3 Qc7 18. Be3 Qb7 19. Nd5 Nxd5 20. Bxd5 Bxd5 21. Qxd5
Qxd5 22. Rxd5 Rc2 23. Rd2 Rfc8 24. Rad1 h6 25. Kf1 Kf8 26. g3 h5 27. Bf4 Ke8 28.
a3 Rxd2 29. Rxd2 Rc6 30. Ke2 Kd7 31. Be5 g6 32. Bc3 Ke6 33. f4 f5 34. Kf3 1/2-1/2

[Event "24th Dubai Open A 2024"]
[Site "Dubai UAE"]
[Date "2024.05.29"]
[Round "5.29"]
[White "Xie, Kaifan"]
[Black "Rayes, Abdul Kader"]
[Result "1/2-1/2"]
[WhiteTitle "CM"]
[WhiteElo "2376"]
[BlackElo "2067"]
[WhiteFideId "8619107"]
[BlackFideId "7600801"]
[EventDate "2024.05.25"]

1. d4 Nf6 2. c4 g6 3. Nc3 Bg7 4. e4 d6 5. f3 O-O 6. Be3 c5 7. dxc5 dxc5 8. Qxd8
Rxd8 9. Bxc5 Nc6 10. Ba3 a5 11. Rd1 Be6 12. Rxd8+ Rxd8 13. Nd5 Bxd5 14. cxd5 Nb4
15. Kf2 Rc8 16. Bb5 Rc5 17. Ba4 b5 18. Bd1 Nd7 19. Ne2 Bxb2 20. Bxb2 Nd3+ 21.
Ke3 Nxb2 22. Bb3 Ne5 23. Kd4 Nd7 24. Rb1 Na4 25. Bxa4 Rc4+ 26. Ke3 Rxa4 27. Rxb5
Rxa2 28. Rb7 Ne5 29. Rxe7 Nc4+ 30. Kd3 Kf8 31. Rc7 Rd2+ 32. Kxc4 Rxe2 33. Kc5 a4
34. Ra7 Rxg2 35. Kd6 Rxh2 36. Rxa4 Rf2 37. Ra3 h5 38. Ke5 Kg7 39. d6 Rd2 40. f4
Rd1 41. Rg3 Kh6 42. Kf6 Rxd6+ 43. Kxf7 Rd7+ 44. Ke6 Rd4 45. Ke5 Rd3 46. Rxd3 h4
47. f5 1/2-1/2

[Event "24th Dubai Open A 2024"]
[Site "Dubai UAE"]
[Date "2024.05.29"]
[Round "5.30"]
[White "Khalifa Essa, Albalooshi"]
[Black "Injac, Teodora"]
[Result "0-1"]
[BlackTitle "IM"]
[WhiteElo "2135"]
[BlackElo "2422"]
[WhiteFideId "9315853"]
[BlackFideId "932400"]
[EventDate "2024.05.25"]

1. d4 Nf6 2. c4 e6 3. Nf3 Bb4+ 4. Nbd2 d5 5. a3 Be7 6. e3 O-O 7. Bd3 c5 8. dxc5
a5 9. O-O Nbd7 10. cxd5 Nxc5 11. Be2 Nxd5 12. Nb3 b6 13. Nbd4 Bb7 14. Bd2 Rc8
15. Qb1 Bf6 16. b4 Na4 17. Rc1 Ndc3 18. Bxc3 Nxc3 19. Qd3 Be4 20. Qd2 Nxe2+ 21.
Qxe2 Qe7 22. Nd2 Bxd4 23. exd4 Bd5 24. Rxc8 Rxc8 25. bxa5 Qg5 26. f3 bxa5 27.
Qd3 h6 28. Rb1 Qf4 29. g3 Qc7 30. Ne4 Qc6 31. Re1 Rb8 32. Qd2 Qa4 33. Nc3 Qxa3
34. Nxd5 exd5 35. Qf4 Qb4 36. Rc1 a4 37. Rc7 Rf8 38. Qe5 a3 39. Qe2 Qb1+ 40. Qf1
a2 41. Ra7 Rb8 0-1

[Event "24th Dubai Open A 2024"]
[Site "Dubai UAE"]
[Date "2024.05.29"]
[Round "5.31"]
[White "Khripachenko, Alexander"]
[Black "Laddha, Shubh Jayesh"]
[Result "1-0"]
[WhiteTitle "FM"]
[BlackTitle "FM"]
[WhiteElo "2371"]
[BlackElo "2324"]
[WhiteFideId "54184975"]
[BlackFideId "30942799"]
[EventDate "2024.05.25"]

1. e4 e5 2. Nf3 Nc6 3. Bb5 a6 4. Ba4 Nf6 5. O-O Be7 6. Re1 b5 7. Bb3 O-O 8. a4
b4 9. a5 d6 10. c3 Rb8 11. Bc4 d5 12. exd5 Nxd5 13. h3 Bf6 14. d4 exd4 15. cxd4
Bf5 16. Nbd2 Qd6 17. Ne4 Bxe4 18. Rxe4 Rfd8 19. Qb3 Nce7 20. Bd2 h6 21. Rae1 c5
22. Ne5 cxd4 23. Ng4 Rbc8 24. Qd3 Bg5 25. Bxg5 hxg5 26. Rxd4 Rc5 27. Rd1 Qc7 28.
Ne3 Rxc4 29. Rxc4 Qxa5 30. Rd4 1-0